| 000 | 00503cam a2200145 4500500 | ||
|---|---|---|---|
| 005 | 20260322005125.0 | ||
| 041 | _afre | ||
| 042 | _adc | ||
| 100 | 1 | 0 |
_aVallin, Pierre _eauthor |
| 245 | 0 | 0 | _aFrançoise Hildesheimer , Richelieu , Flammarion, 2004, 592 pages, et un cahier de reproductions, 26 € |
| 260 | _c2005. | ||
| 500 | _a3 | ||
| 786 | 0 | _nÉtudes | 402 | 2 | 2005-02-01 | p. XI-XI | 0014-1941 | |
| 856 | 4 | 1 | _uhttps://shs.cairn.info/revue-etudes-2005-2-page-XI?lang=fr&redirect-ssocas=7080 |
| 999 |
_c1745926 _d1745926 |
||